000 01677cam a2200193 4500500
005 20260329013812.0
041 _afre
042 _adc
100 1 0 _aBalibar, Étienne
_eauthor
700 1 0 _aBouillon, Florence
_eauthor
700 1 0 _aCarton de Grammont, Sarah
_eauthor
700 1 0 _aNaepels, Michel
_eauthor
245 0 0 _aLes lieux de la politique. Citoyenneté, démocratie, périphérie
260 _c2020.
500 _a14
520 _aÀ partir d’une enquête intitulée « Immigrés chinois à Paris et en région parisienne » menée en 2020-2021, cet article s’intéresse aux liens sociaux en tant que ressource au fil du parcours migratoire. Il s’appuie sur le volet qualitatif de l’enquête qui repose sur la réalisation d’entretiens semi-directifs. L’article apporte un éclairage sur la relation entre la composition des liens tissés par les enquêtés et leurs objectifs en matière d’intégration, qui peuvent se limiter à la dimension économique ou s’étendre à la sphère sociale, par une recherche de mixité de leur entourage. Les résultats montrent également que les ressources potentiellement procurées par l’entre-soi ethnique ne sont pas forcément un atout, notamment dans le cadre de relations verticales. Enfin, l’article montre que sortir de l’entre-soi ethnique peut aussi être un moyen de s’émanciper des normes sociales chinoises, susceptibles de se perpétuer en contexte migratoire, en particulier dans le monde du travail.
786 0 _nMonde commun | 4 | 1 | 2020-05-27 | p. 10-33 | 2648-2339
856 4 1 _uhttps://shs.cairn.info/revue-monde-commun-2020-1-page-10?lang=fr&redirect-ssocas=7080
999 _c1883536
_d1883536